PJ Harvey Discography - Statistics

General Stats
  • This quiz has been taken 33 times
  • The average score is 10 of 18
Answer Stats
Type Year Name % Correct
Album 1993 Rid of Me
100%
Album 2000 Stories from the City, Stories from the Sea
100%
Album 1992 Dry
93%
Album 1998 Is This Desire?
86%
Album 1995 To Bring You My Love
86%
Album 2011 Let England Shake
82%
Video Album 2011 Let England Shake: 12 Short Films by Seamus Murphy
82%
Album 2007 White Chalk
82%
Album 2004 Uh Huh Her
71%
Album 2016 The Hope Six Demolition Project
61%
Collaborative Album 2009 A Woman a Man Walked By
39%
Compilation 1993 4-Track Demos
29%
Collaborative Album 1996 Dance Hall at Louse Point
29%
Compilation 2006 The Peel Sessions 1991-2004
11%
Compilation 2004 iTunes Originals - PJ Harvey
7%
EP 2011 iTunes Session
7%
Video Album 2006 On Tour: Please Leave Quietly
7%
Video Album 1994 Reeling with PJ Harvey
4%
No matching quizzes found
Score Distribution
Percent of People with Each Score
Percentile by Number Answered
Your Score History
You have not taken this quiz